000 00316nam a2200109Ia 4500
008 220204s9999 xx 000 0 und d
082 _a631.1(591.05)
_bSOI
100 _aSoong Ngin Kwi
245 0 _aSoil erosion and conservation in Peninsular Malaysia: A monograph
260 _aKuala Lumpur
_bRRIM
_c1980
942 _cBK
999 _c43731
_d43731